| 000 | 00817nam a22002177a 4500 | ||
|---|---|---|---|
| 999 |
_c18430 _d18430 |
||
| 003 | AR-CdUCM | ||
| 008 | 190514b ||||| |||| 00| 0 spa d | ||
| 040 |
_aMUNICIPALIDAD PROVINCIAL DEL CUSCO _cBIBLIOTECA MUNICIPAL DEL CUSCO |
||
| 082 |
_a780.95 / _bCH24 |
||
| 100 |
_aChase, Gilbert _939013 |
||
| 245 | _aIntroducción a la música americana contemporánea / | ||
| 260 |
_aBuenos Aires : _bNova, _c1958. |
||
| 300 |
_a129 páginas ; _c20 cm. |
||
| 440 |
_aCompendios nova de iniciación cultural _n17 _939014 |
||
| 505 | _aContenido : Espíritu contemporáneo en la música -- Los países andinos -- Estados Unidos de Norteamérica... | ||
| 650 |
_aEspíritu contemporáneo _939015 |
||
| 650 |
_aPaíses andinos _939016 |
||
| 650 |
_aCentro América y el Caribe _939017 |
||
| 942 |
_2ddc _cLIBROS |
||
| 945 | _arcc | ||